| 000 | 00353nam a2200145Ia 4500 | ||
|---|---|---|---|
| 008 | 230917s9999||||xx |||||||||||||| ||und|| | ||
| 040 |
_e58649 _aMAIN |
||
| 041 | _aEnglish | ||
| 082 | _a843.5 S42M:S | ||
| 100 | _aMitchell, John | ||
| 245 | 0 | _aStendhal: Le Rouge Et Le Noir | |
| 260 |
_aLondon _bEdward Arnold _c1973 |
||
| 300 | _a62 p. | ||
| 942 | _cBK | ||
| 999 |
_c197909 _d197909 |
||